LEADER 01812oas 2200745 a 450 001 9910389179403321 005 20251106213014.0 011 $a1945-0419 035 $a(OCoLC)48879173 035 $a(CONSER) 2008214677 035 $a(CKB)110978984445001 035 $a(EXLCZ)99110978984445001 100 $a20020128a19969999 sy a 101 0 $aeng 135 $aur||||||||||| 181 $ctxt$2rdacontent 182 $cc$2rdamedia 183 $acr$2rdacarrier 200 00$aHospice management advisor 210 $aAtlanta, GA $cAmerican Health Consultants 311 08$a1087-0288 531 0 $aHosp. manag. advis. 606 $aHospice care$vPeriodicals 606 $aHospices$xorganization & administration 606 $aSoins en phase terminale$vPe?riodiques 606 $aHospice care$2fast$3(OCoLC)fst00960872 608 $aperiodicals.$2aat 608 $aPeriodicals.$2fast 608 $aPeriodicals.$2lcgft 608 $aPe?riodiques.$2rvmgf 615 0$aHospice care 615 2$aHospices$xorganization & administration. 615 6$aSoins en phase terminale 615 7$aHospice care. 676 $a362 801 0$bFQM 801 1$bFQM 801 2$bOCLCQ 801 2$bNSD 801 2$bSBH 801 2$bOCLCQ 801 2$bOCLCF 801 2$bOCLCQ 801 2$bZ5A 801 2$bOCLCO 801 2$bOCLCA 801 2$bU3W 801 2$bOCLCO 801 2$bCRU 801 2$bAUD 801 2$bVT2 801 2$bOCLCO 801 2$bBWN 801 2$bOCLCQ 801 2$bOCLCL 801 2$bUX0 801 2$bCO3 801 2$bXFH 801 2$bTAW 801 2$bUAB 801 2$bOCLCQ 906 $aJOURNAL 912 $a9910389179403321 996 $aHospice management advisor$92236663 997 $aUNINA